000 00669nam a22002537a 4500
001 14371
003 BD-JhCC
005 20250730125727.0
008 250730b |||||||| |||| 00| 0 eng d
020 _a9780141397948
035 _a(BD-JhCC) 14371
040 _aBD-JhCC
_dBD-JhCC
041 _aeng
082 _223
_a823
_bMED
100 _aJason
245 _aApollonius of Rhodes /
_cJason and Medea, Translated by E.V. Rieu
260 _aIndia:
_bPenguin Classics,
_c2015
300 _a49 p.;
_c16 cm.
490 _aPenguin Little Black Classics
_v18
650 _aEnglish Fiction
_vTale of Love
700 _aMedea
700 _aRieu E.V.
942 _2ddc
_cBK
999 _c14371
_d14371